30 biggest European cities by letter (with a map) -Q - Statistics

General Stats
  • This quiz has been taken 308 times
    296 since last reset
  • The average score is 3 of 30
Answers on the Map
Answers color-coded by a green-red scale on the quiz's map according to % correct below.
 
Answer Stats
Answer Population % Correct
Quimper 63 166
80%
Quedlinburg 23 798
28%
Queluz 78 273
27%
Quartu Sant'Elena 71 216
26%
Quincy-sous-Sénart 9 018
19%
Quickborn 21 331
18%
Qormi 16 801
17%
Quakenbrück 13 442
12%
Querfurt 10 480
11%
Quimperlé 12 188
9%
Quarrata 26 268
7%
Quarteira 21 798
7%
Queensbury 8 718
7%
Qualiano 25 766
5%
Quart de Poblet 25 499
5%
Quartucciu 13 148
5%
Quintanar del Rey 8 043
5%
Quinto di Treviso 9 844
5%
Quierschied 12 965
4%
Quintanar de la Orden 10 918
4%
Quattromiglia 8 813
3%
Quetigny 9 261
3%
Quéven 8 725
3%
Quévy 7 734
3%
Quaregnon 19 006
2%
Quesnoy-sur-Deule 6 496
2%
Quiévrain 6 759
2%
Quinta do Anjo 8 354
2%
Quinta do Conde 25 606
2%
Quejias 10 377
1%
No matching quizzes found
Score Distribution
Percent of People with Each Score
Percentile by Number Answered
Your Score History
You have not taken this quiz since the last reset